|
|
|
|
| LEADER |
00641cam a2200193ua 4500 |
| 020 |
|
|
|a 0-8039-5942-7
|
| 082 |
|
|
|a 658.16
|b GRE/I
|
| 100 |
|
|
|a Green, Richard P
|
| 245 |
1 |
0 |
|a Investigating entrepreneurial opportunities: a practical guide for due diligence
|
| 260 |
|
|
|a California
|b Sage
|c 2000
|
| 300 |
|
|
|a xii,182p.
|
| 500 |
|
|
|a Includes index and references.
|
| 650 |
|
|
|a Business enterprises
|
| 650 |
0 |
|
|a Recognization of enterprises
|
| 650 |
0 |
|
|a Management
|
| 700 |
0 |
2 |
|a Carroll, James J
|
| 942 |
|
|
|c BK
|
| 999 |
|
|
|c 3597
|d 3597
|
| 952 |
|
|
|0 0
|1 0
|4 0
|6 658_160000000000000_GREI
|7 0
|9 3750
|a KUCL
|b KUCL
|d 2014-05-23
|l 0
|o 658.16 GRE/I
|p 06737
|r 2014-05-23
|y BK
|